[Event "32.Schlosspark-Open"]
[Site "Wiesbaden-Biebrich"]
[Date "2023.08.26"]
[Round "4.24"]
[White "Tremöhlen, Thomas"]
[Black "Puschendorf, Steffen"]
[Result "1-0"]
[WhiteElo "1953"]
[BlackElo "2121"]
[PlyCount "99"]
[EventDate "2023.??.??"]
[WhiteTeam "Sportgemeinschaft Kaarst 1912/35"]
[BlackTeam "ESV Gera"]

1. Nf3 d5 2. b3 Nf6 3. Bb2 g6 4. e3 Bg7 5. d4 O-O 6. Bd3 Nbd7 7. Nbd2 c5 8. O-O Qc7 9. h3 b6 10. Re1 Bb7 11. e4 dxe4 12. Nxe4 Rad8 13. Qe2 Nxe4 14. Bxe4 Rfe8 15. Bxb7 Qxb7 16. c4 cxd4 17. Bxd4 e5 18. Bb2 f6 19. Nh2 Nc5 20. Red1 Ne6 21. Rxd8 Rxd8 22. Rd1 Rd7 23. Rxd7 Qxd7 24. Nf3 Bf8 25. Qd2 Qc6 26. Kf1 Nf4 27. Ne1 a5 28. Bc3 Bd6 29. f3 Kg7 30. Nc2 Bc5 31. Ne3 Nxh3 32. Ng4 Ng5 33. Bxe5 fxe5 34. Qxg5 Qd6 35. Qxe5+ Qxe5 36. Nxe5 Bd4 37. Nd3 Kf6 38. Ke2 h5 39. f4 Kf5 40. Kf3 Bc3 41. g3 Bf6 42. Nf2 g5 43. g4+ hxg4+ 44. Nxg4 Be7 45. Ne3+ Ke6 46. Nd5 Bc5 47. fxg5 Kf5 48. Nc3 Bf8 49. Na4 Kxg5 50. Ke4 1-0

[Event "32.Schlosspark-Open"]
[Site "Wiesbaden-Biebrich"]
[Date "2023.08.26"]
[Round "4.25"]
[White "Dietze, Frank"]
[Black "Müller, Lutz"]
[Result "1-0"]
[WhiteElo "2115"]
[BlackElo "1915"]
[PlyCount "131"]
[EventDate "2023.??.??"]
[WhiteTeam "Wiesbaden"]
[BlackTeam "Sfr.Mainz 1928"]

1. d4 g6 2. c4 Bg7 3. Nc3 d6 4. e4 Nc6 5. d5 Nb8 6. Bg5 c6 7. Qd2 Qa5 8. Nf3 Na6 9. Be2 Nf6 10. O-O h6 11. Bf4 Bg4 12. Rfe1 Bxf3 13. Bxf3 Nd7 14. e5 dxe5 15. dxc6 bxc6 16. Bxc6 Rd8 17. Be3 Qc7 18. Bb5 Nab8 19. Nd5 Qb7 20. Qb4 Bf8 21. Qa5 e6 22. Bxa7 Nc6 23. Nc7+ Ke7 24. Bxc6 Qxc6 25. Rac1 Rc8 26. Nb5 Kf6 27. Qd2 Kg7 28. Be3 Rb8 29. Qc3 Kh7 30. Red1 Bg7 31. Rd6 Qc8 32. h4 Nf6 33. Qd3 e4 34. Qe2 Nd7 35. h5 g5 36. Qc2 Nf6 37. b3 Bf8 38. Rdd1 e5 39. Nd6 Qg4 40. f3 Qe6 41. Nxe4 Nxe4 42. c5 f5 43. fxe4 f4 44. Bf2 g4 45. c6 g3 46. Rd7+ Bg7 47. Ba7 Rbc8 48. Qc4 Qg4 49. Qf7 Rhf8 50. Qg6+ Qxg6 51. hxg6+ Kxg6 52. b4 h5 53. b5 Bh6 54. Rcd1 Rf6 55. R1d6 Bf8 56. Rxf6+ Kxf6 57. a4 Ra8 58. Kf1 h4 59. b6 h3 60. Rh7 Rd8 61. Rxh3 Bb4 62. b7 Rd1+ 63. Ke2 Rd2+ 64. Kf3 Kg5 65. Rxg3+ fxg3 66. Be3+ 1-0

[Event "32.Schlosspark-Open"]
[Site "Wiesbaden-Biebrich"]
[Date "2023.08.26"]
[Round "4.26"]
[White "Ehmann, Johanna"]
[Black "Montalbano, Federico"]
[Result "0-1"]
[WhiteElo "1864"]
[BlackElo "2115"]
[PlyCount "70"]
[EventDate "2023.??.??"]
[WhiteTeam "SK Oberkirch"]
[BlackTeam "Wiesbadener SV 1885"]

1. e4 e5 2. Nf3 Nc6 3. Bb5 a6 4. Ba4 Nf6 5. d4 exd4 6. O-O Be7 7. Re1 b5 8. Bb3 d6 9. Bd5 Nxd5 10. exd5 Ne5 11. Nxd4 O-O 12. f4 Bg4 13. Qd2 Nc4 14. Qf2 Bh4 15. g3 Bf6 16. Nd2 Re8 17. c3 Bxd4 18. Rxe8+ Qxe8 19. cxd4 Ne3 20. Nf1 Nxf1 21. Qxf1 Qe4 22. Qf2 Qxd5 23. Bd2 Bc8 24. Qg2 Qxd4+ 25. Kf1 Rb8 26. Re1 Be6 27. b3 h6 28. Be3 Qd3+ 29. Qe2 Qf5 30. Rc1 Re8 31. Rxc7 Qe4 32. Kf2 Bd5 33. Rc3 Qh1 34. Qh5 Qg2+ 35. Ke1 Bf3 0-1

[Event "32.Schlosspark-Open"]
[Site "Wiesbaden-Biebrich"]
[Date "2023.08.26"]
[Round "4.27"]
[White "Barbanera, Fabrizio"]
[Black "Mrsic, Ivan"]
[Result "1-0"]
[WhiteElo "2101"]
[BlackElo "1692"]
[PlyCount "67"]
[EventDate "2023.??.??"]
[WhiteTeam "SC Neumühl"]
[BlackTeam "Mainz-Kastel"]

1. e4 c5 2. c3 d5 3. exd5 Qxd5 4. d4 Nf6 5. Nf3 Bg4 6. Be2 e6 7. O-O Be7 8. h3 Bh5 9. Be3 cxd4 10. Nxd4 Bxe2 11. Qxe2 O-O 12. Rd1 Nc6 13. Nd2 Rfd8 14. N2f3 a6 15. Nxc6 Qxc6 16. Bd4 Rac8 17. Ne5 Qc7 18. Rd3 Bc5 19. Rad1 Bxd4 20. Rxd4 Rxd4 21. Rxd4 Rd8 22. Qd2 Rxd4 23. Qxd4 Kf8 24. a3 Ke7 25. Kf1 Nd7 26. Nd3 Qd6 27. Qh4+ Ke8 28. Qxh7 Nf6 29. Qh8+ Ke7 30. Ke2 g5 31. Qc8 b5 32. Qc5 Ne4 33. Qb4 Kd7 34. Qxe4 1-0

[Event "32.Schlosspark-Open"]
[Site "Wiesbaden-Biebrich"]
[Date "2023.08.26"]
[Round "4.28"]
[White "Bremer, Vincent"]
[Black "Memic, Miodrag"]
[Result "1-0"]
[WhiteElo "1925"]
[BlackElo "2055"]
[PlyCount "103"]
[EventDate "2023.??.??"]
[WhiteTeam "TSG 1846 Bretzenheim/ZMO"]
[BlackTeam "SV Mainz-Mombach"]

1. e4 d5 2. exd5 Qxd5 3. Nc3 Qa5 4. Bc4 Nf6 5. h3 c6 6. d4 Bf5 7. Nf3 Nbd7 8. O-O e6 9. Nh4 Bg6 10. Nxg6 hxg6 11. Qe2 Nd5 12. Nxd5 cxd5 13. Bd3 Be7 14. Bf4 Qb6 15. c3 O-O 16. Rae1 Rae8 17. g3 Bd6 18. Bxd6 Qxd6 19. h4 Nf6 20. Kg2 a6 21. Qe5 Qb6 22. Re2 Re7 23. Qg5 Rfe8 24. g4 Nh7 25. Qf4 Qc7 26. Qxc7 Rxc7 27. g5 Nf8 28. f4 Nd7 29. f5 gxf5 30. Bxf5 Kf8 31. Bxe6 Nb6 32. Bg4 Rxe2+ 33. Bxe2 g6 34. Bd3 Ke8 35. Kf3 Rc6 36. Kg4 Na4 37. Rf2 Rb6 38. Bc2 Nxb2 39. Bb3 Nd3 40. Re2+ Re6 41. Rxe6+ fxe6 42. h5 gxh5+ 43. Kxh5 Kf7 44. Kh6 Nf4 45. Bc2 e5 46. g6+ Kg8 47. dxe5 Ne6 48. Bf5 Ng7 49. Bc8 a5 50. Bxb7 Nf5+ 51. Kg5 Ne3 52. e6 1-0

[Event "32.Schlosspark-Open"]
[Site "Wiesbaden-Biebrich"]
[Date "2023.08.26"]
[Round "4.29"]
[White "Rutsatz, Mario"]
[Black "Meuer, David"]
[Result "1/2-1/2"]
[WhiteElo "1912"]
[BlackElo "1936"]
[PlyCount "36"]
[EventDate "2023.??.??"]
[WhiteTeam "SC 1961 König Nied"]
[BlackTeam "SV Turm Lahnstein"]

1. Nf3 Nf6 2. g3 d5 3. Bg2 c6 4. O-O Bf5 5. d3 h6 6. b3 e6 7. Bb2 Be7 8. c4 Nbd7 9. Nbd2 O-O 10. Qc2 Bh7 11. a3 a5 12. Rac1 Ne8 13. Qb1 Bf6 14. b4 axb4 15. axb4 Nd6 16. Bxf6 Qxf6 17. b5 Rfc8 18. Rfe1 Qd8 1/2-1/2

[Event "32.Schlosspark-Open"]
[Site "Wiesbaden-Biebrich"]
[Date "2023.08.26"]
[Round "4.30"]
[White "Berberich, Christoph"]
[Black "Li, Maxim"]
[Result "0-1"]
[WhiteElo "1898"]
[BlackElo "2030"]
[PlyCount "46"]
[EventDate "2023.??.??"]
[WhiteTeam "SK Freiburg-Zähringen 1887 e.V."]
[BlackTeam "Wiesbadener SV 1885"]

1. d4 d5 2. e3 Nf6 3. Bd3 e6 4. Nf3 Nbd7 5. Nbd2 Be7 6. O-O O-O 7. Qe2 b6 8. e4 dxe4 9. Nxe4 Bb7 10. Nxf6+ Nxf6 11. Rd1 Qd5 12. Bg5 h6 13. c4 Qa5 14. Bd2 Qh5 15. d5 Bd6 16. dxe6 Bxf3 17. Qxf3 Qxh2+ 18. Kf1 Rae8 19. Be3 Rxe6 20. Ke2 Qe5 21. Rd2 Bc5 22. Kf1 Bxe3 23. Re2 Qh2 0-1

[Event "32.Schlosspark-Open"]
[Site "Wiesbaden-Biebrich"]
[Date "2023.08.26"]
[Round "4.31"]
[White "Simon, Eric"]
[Black "Davidov, Georgi"]
[Result "1/2-1/2"]
[WhiteElo "2029"]
[BlackElo "1904"]
[PlyCount "24"]
[EventDate "2023.??.??"]
[WhiteTeam "SF Eltville"]
[BlackTeam "SC Rotenburg"]

1. e4 e5 2. Nf3 Nf6 3. Nxe5 d6 4. Nf3 Nxe4 5. Nc3 Nxc3 6. dxc3 Be7 7. Be3 Bg4 8. h3 Be6 9. Qd2 Nc6 10. Ng5 Bxg5 11. Bxg5 Qd7 12. Bb5 a6 1/2-1/2

[Event "32.Schlosspark-Open"]
[Site "Wiesbaden-Biebrich"]
[Date "2023.08.26"]
[Round "4.32"]
[White "Weber, Nikita"]
[Black "Althoff, Guntram"]
[Result "1/2-1/2"]
[WhiteElo "1650"]
[BlackElo "2019"]
[PlyCount "32"]
[EventDate "2023.??.??"]
[WhiteTeam "Vorw.Orient Mainz"]
[BlackTeam "SF Eltville"]

1. Nf3 Nf6 2. g3 d5 3. c4 c6 4. cxd5 cxd5 5. Bg2 Nc6 6. d4 Bf5 7. O-O h6 8. Nbd2 Qb6 9. Qb3 Qxb3 10. Nxb3 e6 11. Bf4 Nh5 12. Bd2 Bd6 13. Na5 Nxa5 14. Bxa5 b6 15. Bc3 Be4 16. Nd2 Bxg2 1/2-1/2

[Event "32.Schlosspark-Open"]
[Site "Wiesbaden-Biebrich"]
[Date "2023.08.26"]
[Round "4.33"]
[White "Fucik, Timo"]
[Black "Sreeramulu, Aarush"]
[Result "1/2-1/2"]
[WhiteElo "2009"]
[BlackElo "1561"]
[PlyCount "133"]
[EventDate "2023.??.??"]
[WhiteTeam "SK 1926 Ettlingen"]
[BlackTeam "SK Marburg 1931/72"]

1. c4 c6 2. e4 d5 3. exd5 cxd5 4. cxd5 Nf6 5. Bb5+ Bd7 6. Bc4 b5 7. Bb3 Bg4 8. Ne2 Nxd5 9. h3 Bh5 10. d4 e6 11. Qd3 a6 12. Nbc3 Bb4 13. Bxd5 Bxe2 14. Qxe2 Qxd5 15. O-O Bxc3 16. bxc3 O-O 17. a4 Nc6 18. axb5 axb5 19. Ba3 Rfb8 20. Bc5 Rxa1 21. Rxa1 b4 22. cxb4 Nxb4 23. Qe5 Qxe5 24. dxe5 Nd3 25. Bd6 Rc8 26. Kf1 Rc1+ 27. Rxc1 Nxc1 28. Ke1 Nd3+ 29. Ke2 Nf4+ 30. Kf3 g5 31. h4 h6 32. g3 Nd3 33. Ke3 Nb2 34. hxg5 hxg5 35. Be7 g4 36. Bc5 Kg7 37. Bd4 Nc4+ 38. Kf4 Na5 39. Kxg4 Kg6 40. f3 Nc6 41. Bc3 Ne7 42. Be1 Nd5 43. Bd2 Ne7 44. Kf4 Nd5+ 45. Ke4 Ne7 46. Bb4 Nd5 47. Bd2 Ne7 48. g4 Kg7 49. Kf4 Kg6 50. Ba5 Nd5+ 51. Ke4 Ne7 52. f4 Nc6 53. Bc3 Ne7 54. Kd4 Nd5 55. Bd2 f6 56. Ke4 fxe5 57. Kxe5 Kf7 58. Bc1 Nf6 59. g5 Nd5 60. f5 Nc7 61. f6 Nd5 62. Bd2 Nc7 63. Kd6 Nd5 64. Ba5 Nxf6 65. gxf6 Kxf6 66. Bc3+ e5 67. Bxe5+ 1/2-1/2

[Event "32.Schlosspark-Open"]
[Site "Wiesbaden-Biebrich"]
[Date "2023.08.26"]
[Round "4.35"]
[White "Dauster, Ronald"]
[Black "Gundlach, Michael"]
[Result "1/2-1/2"]
[WhiteElo "1866"]
[BlackElo "2130"]
[PlyCount "62"]
[EventDate "2023.??.??"]
[WhiteTeam "FT Schierstein"]
[BlackTeam "Sfr.Mainz 1928"]

1. d4 d6 2. e4 Nf6 3. Nc3 e5 4. Nf3 Nbd7 5. Bc4 Be7 6. O-O c6 7. a4 Qc7 8. Bb3 O-O 9. Bg5 h6 10. Bh4 b6 11. Bg3 a6 12. Qd2 Re8 13. Nh4 exd4 14. Qxd4 Nc5 15. Ng6 Nxb3 16. Nxe7+ Qxe7 17. cxb3 d5 18. exd5 Nxd5 19. Nxd5 cxd5 20. Qxd5 Bb7 21. Qd6 Qxd6 22. Bxd6 Re2 23. a5 bxa5 24. Rxa5 Rxb2 25. b4 Rd8 26. Bc5 Re8 27. Ra3 g5 28. Rd3 a5 29. Rd6 axb4 30. Rb6 Bd5 31. Rxb4 Rxb4 1/2-1/2

[Event "32.Schlosspark-Open"]
[Site "Wiesbaden-Biebrich"]
[Date "2023.08.26"]
[Round "4.36"]
[White "Mulder, Bart-Piet"]
[Black "Launert, Martin"]
[Result "1-0"]
[WhiteElo "2123"]
[BlackElo "1870"]
[PlyCount "109"]
[EventDate "2023.??.??"]
[WhiteTeam "de Wijker Toren"]
[BlackTeam "SF Eltville"]

1. d4 d5 2. Nf3 Nf6 3. g3 e6 4. Bg2 c5 5. O-O cxd4 6. b3 Nc6 7. Nxd4 Be7 8. Bb2 O-O 9. Nxc6 bxc6 10. c4 Ba6 11. Nd2 Rc8 12. Qc2 Nd7 13. Rad1 Qb6 14. Nf3 Bf6 15. Bxf6 Nxf6 16. Nd2 e5 17. e4 Rfe8 18. Rfe1 d4 19. c5 Qc7 20. Bf1 Bxf1 21. Kxf1 Nd7 22. b4 Rb8 23. a3 a5 24. Rb1 axb4 25. axb4 Re6 26. Nc4 Qd8 27. Qa2 Qf6 28. Kg2 g5 29. f3 h5 30. Nd6 g4 31. fxg4 hxg4 32. Rf1 Qg6 33. Qe2 Nf6 34. Nf5 Kh7 35. Nd6 Kg8 36. Rf5 Rf8 37. Rbf1 Kg7 38. R5f2 Rh8 39. Rf5 Rf8 40. Nc4 Rh8 41. Nxe5 Qh6 42. Kg1 Qe3+ 43. Qxe3 dxe3 44. Rg5+ Kf8 45. Nxg4 Nxe4 46. Re5 e2 47. Re1 Nc3 48. Rxe6 fxe6 49. Ne5 Rh5 50. Nxc6 e5 51. h4 Rf5 52. b5 Nxb5 53. Rxe2 Nd4 54. Nxd4 exd4 55. Rf2 1-0

[Event "32.Schlosspark-Open"]
[Site "Wiesbaden-Biebrich"]
[Date "2023.08.26"]
[Round "4.37"]
[White "Mayer, Frank"]
[Black "Kolker, Vladislav"]
[Result "0-1"]
[WhiteElo "2067"]
[BlackElo "1863"]
[PlyCount "50"]
[EventDate "2023.??.??"]
[WhiteTeam "Wiesbadener SV 1885"]
[BlackTeam "SC Bad Nauheim"]

1. e4 e5 2. Nc3 Nc6 3. Nf3 Nf6 4. d4 exd4 5. Nd5 Nxe4 6. Bd3 Nc5 7. O-O d6 8. Re1+ Ne6 9. Bd2 Be7 10. c3 dxc3 11. Bxc3 O-O 12. Qc2 h6 13. Qe2 Re8 14. Qe4 Nf8 15. Qf4 Be6 16. Qg3 f6 17. Rxe6 Nxe6 18. Qg4 Nf8 19. Bc4 Kh8 20. Qh5 Ne5 21. Bb3 Nxf3+ 22. gxf3 c6 23. Bd2 Qd7 24. Bxh6 gxh6 25. Qxh6+ Nh7 0-1

[Event "32.Schlosspark-Open"]
[Site "Wiesbaden-Biebrich"]
[Date "2023.08.26"]
[Round "4.38"]
[White "Pioch, Thomas"]
[Black "Meyer-Jany, Marcel"]
[Result "1-0"]
[WhiteElo "2022"]
[BlackElo "1743"]
[PlyCount "79"]
[EventDate "2023.??.??"]
[WhiteTeam "Wiesbaden"]
[BlackTeam "SK Herborn 1946"]

1. Nf3 d5 2. g3 Nf6 3. Bg2 Bf5 4. d3 e6 5. O-O Be7 6. Nbd2 h6 7. c4 c6 8. b3 O-O 9. Bb2 Bh7 10. Qc2 a5 11. a3 Nbd7 12. Rac1 Rc8 13. Qb1 Bd6 14. Qa1 Qe7 15. d4 b5 16. Ne5 b4 17. a4 Nb8 18. Nd3 Bxd3 19. exd3 Nbd7 20. Rce1 Nh7 21. f4 g5 22. Qd1 gxf4 23. gxf4 Qh4 24. Qf3 Kh8 25. Qh3 Qxh3 26. Bxh3 Rg8+ 27. Kh1 Ndf6 28. f5 Ng5 29. fxe6 Nxh3 30. Rxf6 Kh7 31. Rxf7+ Rg7 32. Rxg7+ Kxg7 33. Rf1 Nf4 34. Ne4 dxe4 35. d5+ Kg6 36. dxe4 cxd5 37. e5 dxc4 38. exd6 c3 39. d7 Rf8 40. e7 1-0

[Event "32.Schlosspark-Open"]
[Site "Wiesbaden-Biebrich"]
[Date "2023.08.26"]
[Round "4.39"]
[White "Neurohr, Jürgen"]
[Black "Mohammadzadeh, Daris"]
[Result "1-0"]
[WhiteElo "2001"]
[BlackElo "1701"]
[PlyCount "55"]
[EventDate "2023.??.??"]
[WhiteTeam "Sfr.Mainz 1928"]
[BlackTeam "Vorw.Orient Mainz"]

1. d4 Nf6 2. c4 e6 3. Nc3 Bb4 4. Qc2 O-O 5. Bg5 b6 6. e4 Bxc3+ 7. bxc3 h6 8. Bh4 g5 9. Bg3 Bb7 10. e5 Ne8 11. h4 g4 12. h5 f5 13. Bh4 Qc8 14. f3 gxf3 15. gxf3 Nc6 16. Qg2+ Ng7 17. Bf6 Rf7 18. Qg6 Qf8 19. a4 Nxd4 20. cxd4 Qb4+ 21. Kf2 Qb2+ 22. Ne2 Bxf3 23. Kxf3 Qxa1 24. Qxh6 Qa3+ 25. Kf2 Qf8 26. Qg6 Rxf6 27. exf6 Qf7 28. Rg1 1-0

[Event "32.Schlosspark-Open"]
[Site "Wiesbaden-Biebrich"]
[Date "2023.08.26"]
[Round "4.40"]
[White "Gürtler, Karlheinz"]
[Black "Leck, Gerrit"]
[Result "1/2-1/2"]
[WhiteElo "1865"]
[BlackElo "1981"]
[PlyCount "32"]
[EventDate "2023.??.??"]
[WhiteTeam "SC Ober-Ramstadt"]
[BlackTeam "SV Lahn Limburg"]

1. e4 c5 2. Nf3 Nc6 3. d4 cxd4 4. Nxd4 e5 5. Nb5 d6 6. N1c3 a6 7. Na3 Be7 8. Nc4 Nf6 9. Be3 Be6 10. Nb6 Rb8 11. Be2 O-O 12. O-O Nd7 13. Ncd5 Bxd5 14. Nxd5 Bg5 15. Qd2 Bxe3 16. Nxe3 Nf6 1/2-1/2

[Event "32.Schlosspark-Open"]
[Site "Wiesbaden-Biebrich"]
[Date "2023.08.26"]
[Round "4.41"]
[White "Gentner, Markus"]
[Black "Frömbgen, Andreas"]
[Result "1-0"]
[WhiteElo "1982"]
[BlackElo "1776"]
[PlyCount "87"]
[EventDate "2023.??.??"]
[WhiteTeam "SC Murrhardt 1948 e.V."]
[BlackTeam "SK Gau-Algesheim"]

1. Nf3 Nf6 2. c4 g6 3. Nc3 Bg7 4. e4 d6 5. d4 O-O 6. h3 Nbd7 7. Be2 e5 8. d5 Nc5 9. Qc2 a5 10. g4 h6 11. Be3 b6 12. Nd2 Nh7 13. Rg1 Kh8 14. O-O-O a4 15. f3 Qh4 16. Nb5 Qd8 17. Nb1 Bd7 18. N1c3 Bxb5 19. Nxb5 Ng5 20. Rh1 Nh7 21. Qd2 g5 22. h4 Kg8 23. hxg5 Nxg5 24. Rh5 f6 25. Kb1 Kf7 26. Rc1 Qe7 27. Rc3 Ncxe4 28. fxe4 Nxe4 29. Qc2 Nxc3+ 30. Nxc3 a3 31. Bxh6 Rh8 32. Bxg7 Kxg7 33. Qf5 axb2 34. Ne4 Rxh5 35. gxh5 Rf8 36. Bd3 Kh8 37. Nf2 Rg8 38. Ng4 Rg5 39. Qe6 Qf8 40. Bg6 f5 41. Qd7 Rxg6 42. hxg6 Qg7 43. Qd8+ Qg8 44. Qh4+ 1-0

[Event "32.Schlosspark-Open"]
[Site "Wiesbaden-Biebrich"]
[Date "2023.08.26"]
[Round "4.42"]
[White "Fröhlich-Dill, Astrid"]
[Black "Villani, Cristian"]
[Result "0-1"]
[WhiteElo "1775"]
[BlackElo "1986"]
[PlyCount "44"]
[EventDate "2023.??.??"]
[WhiteTeam "SV 1920 Hofheim"]
[BlackTeam "SK Durlach"]

1. d4 Nf6 2. c4 g6 3. Nc3 Bg7 4. e4 d6 5. f3 Nc6 6. Be3 O-O 7. Qd2 e5 8. d5 Nd4 9. Nge2 Nxe2 10. Nxe2 h6 11. Bxh6 Nxe4 12. Qe3 Qh4+ 13. g3 Nxg3 14. hxg3 Qxh1 15. Bxg7 Kxg7 16. O-O-O Qh6 17. f4 Bg4 18. Bg2 Bxe2 19. Rh1 Bh5 20. g4 Qxf4 21. Qxf4 exf4 22. gxh5 Rh8 0-1

[Event "32.Schlosspark-Open"]
[Site "Wiesbaden-Biebrich"]
[Date "2023.08.26"]
[Round "4.43"]
[White "Schwarz, Eduard"]
[Black "Potgieter, Edward"]
[Result "0-1"]
[WhiteElo "1951"]
[BlackElo "1719"]
[PlyCount "62"]
[EventDate "2023.??.??"]
[WhiteTeam "SG Turm Idstein"]
[BlackTeam "JNW Chess Club"]

1. Nf3 Nf6 2. d4 e6 3. c4 Bb4+ 4. Bd2 Qe7 5. a3 Bxd2+ 6. Qxd2 Nc6 7. Nc3 d5 8. e3 O-O 9. Bd3 Rd8 10. Qc2 h6 11. O-O-O a6 12. h3 dxc4 13. Be4 Na5 14. g4 Nxe4 15. Qxe4 Bd7 16. g5 hxg5 17. Rhg1 Bc6 18. d5 Nb3+ 19. Kb1 Nc5 20. Qxc4 Bxd5 21. Nxd5 Rxd5 22. Rc1 Nd3 23. e4 Ne5 24. Qe2 Nxf3 25. Qxf3 Rb5 26. Qg3 Qf6 27. Rc2 c6 28. Re2 Rd8 29. e5 Qf5+ 30. Ka1 Rd3 31. Qxg5 Rd1+ 0-1

[Event "32.Schlosspark-Open"]
[Site "Wiesbaden-Biebrich"]
[Date "2023.08.26"]
[Round "4.44"]
[White "Mehlen, Theodor"]
[Black "Giese, Tilman"]
[Result "0-1"]
[WhiteElo "1801"]
[BlackElo "1977"]
[PlyCount "180"]
[EventDate "2023.??.??"]
[WhiteTeam "SC Matt im Park Ffm"]
[BlackTeam "SC Turm Illingen"]

1. e4 c5 2. Nf3 e6 3. d4 cxd4 4. Nxd4 Nf6 5. Nc3 d6 6. Be3 Be7 7. f3 O-O 8. Qd2 a6 9. O-O-O Qc7 10. g4 Nc6 11. h4 b5 12. Nxc6 Qxc6 13. Kb1 Bb7 14. Rh2 Rfd8 15. Qc1 Rac8 16. Ne2 Qc7 17. g5 Nd7 18. h5 d5 19. g6 Qxh2 20. gxh7+ Kxh7 21. Bf4 Qf2 22. e5 d4 23. Nxd4 Nc5 24. Rd2 Qxd4 25. Rxd4 Rxd4 26. c3 Nd3 27. Qc2 Rxf4 28. Qxd3+ Kh6 29. Qd7 Rxf3 30. Qxb7 Rxf1+ 31. Kc2 Rc5 32. Qxe7 Rxe5 33. Qd6 Rxh5 34. Qxa6 Rh2+ 35. Kd3 Rxb2 36. a4 Rf3+ 37. Kd4 Rf4+ 38. Ke5 Rxa4 39. Qb7 Re2+ 40. Kd6 Rd2+ 41. Ke7 Kg6 42. Ke8 Rf4 43. Qxb5 Rd5 44. Qb1+ Rff5 45. c4 Rc5 46. Qg1+ Kh7 47. Qh2+ Kg8 48. Qb8 Rxc4 49. Ke7+ Kh7 50. Qh2+ Kg6 51. Qg3+ Kh6 52. Qh2+ Kg5 53. Kf8 g6 54. Kg7 e5 55. Qh6+ Kg4 56. Qh2 Rd4 57. Qg2+ Kf4 58. Qe2 e4 59. Qf1+ Ke5 60. Qb5+ Rd5 61. Qb2+ Ke6 62. Qb6+ Rd6 63. Qe3 Re5 64. Qf4 Rd7 65. Qe3 g5 66. Qb6+ Rd6 67. Qc7 Rf5 68. Qc4+ Ke5 69. Qc3+ Kf4 70. Qc7 Rff6 71. Qc4 g4 72. Qf1+ Ke5 73. Qb5+ Kd4 74. Qb4+ Ke3 75. Qe1+ Kf4 76. Qf2+ Kg5 77. Qe3+ Kh5 78. Qxe4 Rg6+ 79. Kh7 Rdf6 80. Qh1+ Kg5 81. Qd5+ Kf4 82. Qd4+ Kf3 83. Qd3+ Kg2 84. Qe4+ Rf3 85. Qd5 Kh2 86. Qa2+ Kg1 87. Qb1+ Rf1 88. Qa2 g3 89. Kh8 Rf4 90. Qxf7 Rh6+ 0-1

[Event "32.Schlosspark-Open"]
[Site "Wiesbaden-Biebrich"]
[Date "2023.08.26"]
[Round "4.45"]
[White "Schmitt, Clemens"]
[Black "Albert, Ingo"]
[Result "0-1"]
[WhiteElo "1798"]
[BlackElo "1968"]
[PlyCount "64"]
[EventDate "2023.??.??"]
[WhiteTeam "SV Bergwinkel"]
[BlackTeam "FT Schierstein"]

1. Nf3 d5 2. e3 Nf6 3. c4 e6 4. Nc3 Be7 5. b3 O-O 6. Bb2 c6 7. d4 b6 8. Bd3 Nbd7 9. O-O Bb7 10. Qe2 Re8 11. e4 dxe4 12. Nxe4 c5 13. Neg5 Bf8 14. Ne5 Re7 15. Nexf7 Rxf7 16. Qxe6 Qe8 17. Qh3 g6 18. Rae1 Re7 19. Rxe7 Qxe7 20. d5 Re8 21. Ne6 Bc8 22. Qg3 Bg7 23. Nxg7 Qxg7 24. Qc7 Qe7 25. Qxa7 Qd6 26. Rd1 Qf4 27. Bc1 Qe5 28. Qa3 Ng4 29. g3 Qh5 30. h4 Nxf2 31. Rd2 Nxd3 32. Rxd3 Re1+ 0-1

[Event "32.Schlosspark-Open"]
[Site "Wiesbaden-Biebrich"]
[Date "2023.08.26"]
[Round "4.46"]
[White "Schmidt, Jörg"]
[Black "Rump, Andreas"]
[Result "1/2-1/2"]
[WhiteElo "1784"]
[BlackElo "1931"]
[PlyCount "55"]
[EventDate "2023.??.??"]
[WhiteTeam "SK Niederbrechen 1948"]
[BlackTeam "SG Turm Idstein"]

1. Nf3 Nf6 2. e3 d6 3. b3 e5 4. d4 e4 5. Nfd2 d5 6. c4 c6 7. Nc3 Qa5 8. Bb2 a6 9. Qc2 Be6 10. Be2 Bd6 11. c5 Be7 12. Na4 Qc7 13. Nb6 Ra7 14. Bc3 a5 15. b4 axb4 16. Bxb4 Nbd7 17. Rb1 O-O 18. Rb2 Ng4 19. h3 Nh6 20. Kd1 f5 21. g3 Nf7 22. Nb3 g5 23. Ba5 Qb8 24. Qc3 Nf6 25. Qe1 Kg7 26. Bd2 Bd8 27. Na5 Qc7 28. h4 1/2-1/2

[Event "32.Schlosspark-Open"]
[Site "Wiesbaden-Biebrich"]
[Date "2023.08.26"]
[Round "4.47"]
[White "Derr, Oleg"]
[Black "Metzner, Luis"]
[Result "1/2-1/2"]
[WhiteElo "1755"]
[BlackElo "1679"]
[PlyCount "94"]
[EventDate "2023.??.??"]
[WhiteTeam "VSG 1880 Offenbach"]
[BlackTeam "SV Lahn Limburg"]

1. e4 c5 2. Nf3 e6 3. d4 cxd4 4. Nxd4 a6 5. Nc3 Qc7 6. Bd3 Nc6 7. Nde2 Nf6 8. O-O Be7 9. Bf4 d6 10. h3 O-O 11. Ng3 b5 12. a3 Bb7 13. Qd2 Ne5 14. Rad1 Rfd8 15. Qc1 Ng6 16. Be3 Rac8 17. f4 d5 18. e5 Nd7 19. Nce2 Nc5 20. Nd4 Nxd3 21. Rxd3 b4 22. axb4 Bxb4 23. Nge2 a5 24. c3 Ba6 25. Rd2 Bc5 26. Qe1 Qb6 27. Qg3 Rd7 28. Rfd1 Rb7 29. Bf2 Rcb8 30. Rc2 Bc4 31. Rdd2 Qa6 32. Nc1 a4 33. h4 Bxd4 34. Bxd4 a3 35. bxa3 Qxa3 36. Kf2 Rb1 37. Nd3 Qa1 38. Ke2 Rf1 39. Be3 Rbb1 40. Bf2 Rfd1 41. h5 Bxd3+ 42. Rxd3 Rxd3 43. Kxd3 Ne7 44. Qg5 Rb7 45. h6 Qd1+ 46. Rd2 Qb1+ 47. Rc2 Qd1+ 1/2-1/2

[Event "32.Schlosspark-Open"]
[Site "Wiesbaden-Biebrich"]
[Date "2023.08.26"]
[Round "4.48"]
[White "Mönch, Dorothée"]
[Black "Schwarz, Jochen"]
[Result "1/2-1/2"]
[WhiteElo "1710"]
[BlackElo "1880"]
[PlyCount "32"]
[EventDate "2023.??.??"]
[WhiteTeam "Sfr.Mainz 1928"]
[BlackTeam "SAbt SV Werder Bremen"]

1. e4 e6 2. f4 d5 3. e5 c5 4. Nf3 Nc6 5. Bb5 Bd7 6. c4 d4 7. d3 Nh6 8. Nbd2 Nf5 9. Ne4 a6 10. Bxc6 Bxc6 11. Ng3 Nh4 12. Nxh4 Qxh4 13. O-O g6 14. Qe1 Qd8 15. Bd2 Be7 16. Ne4 Bxe4 1/2-1/2

[Event "32.Schlosspark-Open"]
[Site "Wiesbaden-Biebrich"]
[Date "2023.08.26"]
[Round "4.49"]
[White "Zimmer, Gerald"]
[Black "Stephanblome, Felix"]
[Result "1-0"]
[WhiteElo "1882"]
[BlackElo "1718"]
[PlyCount "95"]
[EventDate "2023.??.??"]
[WhiteTeam "SC Bergen-Enkheim 1922"]
[BlackTeam "SV 1934 Ffm-Griesheim"]

1. d4 d5 2. Nf3 Nf6 3. c4 e6 4. Nc3 Be7 5. Bg5 O-O 6. e3 h6 7. Bh4 b6 8. Bd3 Bb7 9. O-O dxc4 10. Bxc4 Nd5 11. Bxe7 Qxe7 12. Rc1 Nd7 13. Nxd5 exd5 14. Bb5 Qd6 15. Qa4 Nb8 16. Ne5 c5 17. Be2 Nc6 18. Nxc6 Bxc6 19. Qa3 Qe6 20. dxc5 b5 21. Qa6 Qd7 22. Rfd1 Rfe8 23. Rd4 Rac8 24. b4 Re5 25. Rcd1 f5 26. g3 Kf7 27. Rc1 Rb8 28. Rc3 Rb7 29. Bf3 Kf8 30. Bg2 Kf7 31. Rcd3 Qe6 32. Qa3 Rd7 33. Qa6 f4 34. Rxf4+ Kg6 35. Bf3 Kh7 36. Bg4 Qg6 37. Rfd4 Rf7 38. Bd1 Qf5 39. Rd2 g6 40. Rf4 Qd7 41. Rxf7+ Qxf7 42. Qxc6 h5 43. h4 Rf5 44. Bc2 Re5 45. Bb3 g5 46. Rxd5 Rxd5 47. Bxd5 Qf8 48. Qd7+ 1-0

[Event "32.Schlosspark-Open"]
[Site "Wiesbaden-Biebrich"]
[Date "2023.08.26"]
[Round "4.50"]
[White "Tiggemann, Felix"]
[Black "Dietrich, Leif"]
[Result "0-1"]
[WhiteElo "1606"]
[BlackElo "1879"]
[PlyCount "90"]
[EventDate "2023.??.??"]
[WhiteTeam "SF Schöneck"]
[BlackTeam "Hamburger SK von 1830 eV"]

1. e4 c5 2. Nf3 d6 3. d4 cxd4 4. Nxd4 Nf6 5. f3 e5 6. Nb3 d5 7. Bg5 d4 8. c3 Nc6 9. Bb5 h6 10. Bh4 Qb6 11. Bxc6+ bxc6 12. cxd4 Ba6 13. Bf2 Rd8 14. Qc2 Bb4+ 15. N1d2 exd4 16. Bxd4 Rxd4 17. Nxd4 Qxd4 18. O-O-O O-O 19. Nb3 Qb6 20. Kb1 Rb8 21. g4 Bc8 22. h3 a5 23. a3 Be7 24. Rd3 Nd7 25. f4 Nc5 26. Nxc5 Bxc5 27. Rc3 Bd4 28. Rxc6 Qxb2+ 29. Qxb2 Rxb2+ 30. Kc1 Bb7 31. Rc4 Ra2 32. Rd1 Be3+ 33. Kb1 Rh2 34. Rd7 Ba6 35. Rc6 Bb5 36. Rc8+ Kh7 37. Rd5 Ba6 38. Rc3 Bxf4 39. Rf3 g5 40. Rxa5 Bb7 41. Ka1 Bxe4 42. Rc3 f6 43. Rc4 Re2 44. Ra7+ Kg6 45. Rxe4 Rxe4 0-1